00274nam a2200109Ia 4500008004100000100001800041245003700059260002200096650002200118942000700140999001700147190216s9999||||xx |||||||||||||| ||und|| aSadasivan.S.N 0aAspects Of Kerala Administration bMagmillan &co Ltd aPolitical Science cBK c34810d34810